Data structures in C++ including breadth and laboratories / (Record no. 47894)

MARC details
000 -LEADER
fixed length control field 00726cam a2200205 a 4500
001 - CONTROL NUMBER
control field 672088
005 - DATE AND TIME OF LATEST TRANSACTION
control field 20170116115837.0
008 - FIXED-LENGTH DATA ELEMENTS--GENERAL INFORMATION
fixed length control field 950711s1996 mnua 001 0 eng
020 ## - INTERNATIONAL STANDARD BOOK NUMBER
International Standard Book Number 0314067442 (pbk. : alk. paper)
050 00 - LIBRARY OF CONGRESS CALL NUMBER
Classification number QA76.73.C153
Item number S46 1996
100 1# - MAIN ENTRY--PERSONAL NAME
Personal name Shiflet, Angela B.
245 10 - TITLE STATEMENT
Title Data structures in C++ including breadth and laboratories /
Statement of responsibility, etc Angela B. Shiflet ; with contributions from Robert Martin.
260 ## - PUBLICATION, DISTRIBUTION, ETC. (IMPRINT)
Place of publication, distribution, etc Minneapolis/St. Paul :
Name of publisher, distributor, etc West Pub. Co.,
Date of publication, distribution, etc 1996.
300 ## - PHYSICAL DESCRIPTION
Extent 1 v. (various pagings) :
Other physical details ill. ;
Dimensions 26 cm.
500 ## - GENERAL NOTE
General note Includes index.
650 #0 - SUBJECT ADDED ENTRY--TOPICAL TERM
Topical term or geographic name as entry element C++ (Computer program language)
650 #0 - SUBJECT ADDED ENTRY--TOPICAL TERM
Topical term or geographic name as entry element Data structures (Computer science)
700 1# - ADDED ENTRY--PERSONAL NAME
Personal name Martin, Robert,
Dates associated with a name 1957-
942 ## - ADDED ENTRY ELEMENTS (KOHA)
Source of classification or shelving scheme Library of Congress Classification
Item type Book
Holdings
Withdrawn status Lost status Source of classification or shelving scheme Damaged status Not for loan Collection code Home library Current library Shelving location Date acquired Source of acquisition Cost, normal purchase price Total Checkouts Full call number Barcode Date last borrowed Copy number Price effective from Koha item type
    Library of Congress Classification     Non-fiction Nairobi Campus Nairobi Campus General Circulation 16/01/2017 Donations-BFA 500.00 1 QA76.73.C153 S46 1996 049388 09/06/2021 1 16/01/2017 Book